[Event "I Miedzynarodowy Memorial Ireny Warakomskiej - Open A"]
[Site "Suwalki"]
[Date "2017-08-18"]
[Round "9.31"]
[White "Okrucinski, Tadeusz"]
[Black "Mokal, Amruta Sunil"]
[Result "1/2-1/2"]
[WhiteTitle ""]
[BlackTitle ""]
[WhiteElo "2244"]
[BlackElo "2047"]

1. d4 Nf6 2. c4 e6 3. Nf3 Bb4+ 4. Bd2 Qe7 5. g3 Bxd2+ 6. Nbxd2 O-O 7. Bg2 d6 8.
O-O e5 9. e4 a5 10. d5 Na6 11. Ne1 Nc5 12. Qe2 c6 13. Nd3 Nfd7 14. f4 Nxd3 15.
Qxd3 Nc5 16. Qc3 Re8 17. Rae1 Bd7 18. b3 b5 19. a3 b4 20. Qc2 bxa3 21. Ra1 cxd5
22. f5 d4 23. f6 gxf6 24. Qd1 Kh8 25. Rxa3 Rg8 26. Qh5 Rg5 27. Qh6 Rg6 28. Qh4
Nb7 29. Rf5 Bxf5 30. exf5 Rgg8 31. Ne4 d5 32. Qxf6+ Qxf6 33. Nxf6 Rgd8 34. Bxd5
Rab8 35. Ng4 d3 36. Nxe5 d2 37. Ra1 Re8 38. Nf3 Re2 39. Kf1 Re3 40. Nxd2 Kg7 41.
Ne4 Rxb3 42. Kg2 Rd8 43. Ra2 Rb4 44. Kf3 Rd7 45. g4 a4 46. Ke3 Na5 47. Nd2 Nb3
48. Ne4 Na5 49. Nd2 Nb3 50. Ne4 Na5 51. Nd2 1/2-1/2

[Event "I Miedzynarodowy Memorial Ireny Warakomskiej - Open A"]
[Site "Suwalki"]
[Date "2017-08-18"]
[Round "9.32"]
[White "Juhasz, Barbara"]
[Black "Teglas, Balazs "]
[Result "0-1"]
[WhiteTitle ""]
[BlackTitle ""]
[WhiteElo "2200"]
[BlackElo "2238"]

1. e4 c5 2. Nf3 Nc6 3. Bb5 e5 4. Bxc6 dxc6 5. d3 Bd6 6. h3 Ne7 7. Nc3 O-O 8. g4
Ng6 9. Ne2 Be6 10. b3 a5 11. a4 f6 12. Be3 Rf7 13. Kf1 Rd7 14. Kg2 Bf7 15. Qc1
Nf8 16. Ng3 Ne6 17. h4 Bf8 18. h5 Qc7 19. Nf5 b5 20. Qg1 c4 21. bxc4 bxc4 22.
dxc4 Nf4+ 23. Bxf4 exf4 24. Qf1 Rb8 25. g5 fxg5 26. Nxg5 Rd2 27. Rd1 Rxc2 28.
Nd4 Ra2 29. Qd3 Rbb2 30. e5 Rxf2+ 31. Kh3 Ra3 32. Nb3 Rxb3 33. Qxb3 Qxe5 34. Rdg1
h6 35. Qb6 Rb2 36. Qxb2 Qxb2 37. Nxf7 Kxf7 38. Rf1 Qc3+ 39. Kg4 Qg3+ 40. Kf5 Bd6
0-1

[Event "I Miedzynarodowy Memorial Ireny Warakomskiej - Open A"]
[Site "Suwalki"]
[Date "2017-08-18"]
[Round "9.33"]
[White "Jaroch, Karol"]
[Black "Stanisz, Patryk"]
[Result "0-1"]
[WhiteTitle ""]
[BlackTitle ""]
[WhiteElo "2235"]
[BlackElo "2100"]

1. e4 c5 2. Nf3 Nc6 3. d4 cxd4 4. Nxd4 Nf6 5. Nxc6 bxc6 6. Bd3 e5 7. O-O Bc5 8.
Bg5 h6 9. Bh4 g5 10. Bg3 d6 11. Kh1 Qb6 12. Nd2 h5 13. f3 h4 14. Be1 Nh5 15. Nc4
Qd8 16. b4 Ng3+ 17. Bxg3 hxg3 18. bxc5 Rxh2+ 19. Kg1 g4 20. Nxd6+ Kf8 21. Re1
Rh1+ 0-1

[Event "I Miedzynarodowy Memorial Ireny Warakomskiej - Open A"]
[Site "Suwalki"]
[Date "2017-08-18"]
[Round "9.34"]
[White "Wozniak, Mariola "]
[Black "Dmochowska, Agnieszka"]
[Result "1/2-1/2"]
[WhiteTitle ""]
[BlackTitle ""]
[WhiteElo "2181"]
[BlackElo "2234"]

1. e4 e5 2. Nf3 Nc6 3. d4 exd4 4. Bc4 Nf6 5. O-O Nxe4 6. Re1 d5 7. Bxd5 Qxd5 8.
Nc3 Qh5 9. Nxe4 Be6 10. Bg5 Bd6 11. Nxd6+ cxd6 12. Bf4 Qd5 13. c3 O-O-O 14. Nxd4
Nxd4 15. Qxd4 Qxd4 16. cxd4 Kd7 1/2-1/2

[Event "I Miedzynarodowy Memorial Ireny Warakomskiej - Open A"]
[Site "Suwalki"]
[Date "2017-08-18"]
[Round "9.35"]
[White "Dzhuguryan, Tygran "]
[Black "Zielinski, Wojciech"]
[Result "1-0"]
[WhiteTitle ""]
[BlackTitle ""]
[WhiteElo "2230"]
[BlackElo "2105"]

1. d4 Nf6 2. c4 e6 3. Nf3 b6 4. g3 Bb7 5. Bg2 d5 6. cxd5 Bxd5 7. Nc3 Bb7 8. O-O
Be7 9. Qc2 O-O 10. Rd1 Qc8 11. e4 Rd8 12. Bf4 Na6 13. Ne5 c5 14. d5 exd5 15. Nxd5
Nxd5 16. exd5 Nb4 17. Qc4 b5 18. Qxb5 Nxd5 19. Qb3 c4 20. Nxc4 g5 21. Be5 a5 22.
Rxd5 Bxd5 23. Bxd5 Rxd5 24. Nb6 Rxe5 25. Nxc8 Rxc8 26. Rd1 Re2 27. Rd5 Kg7 28.
Rf5 Bf6 29. Qf3 Re1+ 30. Kg2 Re6 31. h4 h6 32. hxg5 hxg5 33. b3 Rc2 34. Rxa5 Be7
35. b4 Ree2 36. a3 Re6 37. Ra7 Bf6 38. Qb7 Re7 39. Qxe7 Bxe7 40. Rxe7 g4 41. a4
Kf6 42. Rb7 Ke6 43. a5 1-0

[Event "I Miedzynarodowy Memorial Ireny Warakomskiej - Open A"]
[Site "Suwalki"]
[Date "2017-08-18"]
[Round "9.36"]
[White "Chomczyk, Marek"]
[Black "Kyrychenko, Maryan "]
[Result "0-1"]
[WhiteTitle ""]
[BlackTitle ""]
[WhiteElo "2138"]
[BlackElo "2219"]

1. e4 c5 2. Nf3 d6 3. d4 cxd4 4. Nxd4 Nf6 5. Nc3 g6 6. Be3 Bg7 7. f3 O-O 8. Qd2
Nc6 9. O-O-O d5 10. Kb1 Nxd4 11. e5 Nf5 12. exf6 exf6 13. Bc5 d4 14. Bxf8 Qxf8
15. Nb5 Ne3 16. Rc1 f5 17. Nxd4 f4 18. c3 Qc5 19. Ka1 b6 20. g3 Bh6 21. gxf4 Bxf4
22. Ne2 Bc7 23. Ng3 Be6 24. Ne4 Qa5 25. c4 Qxd2 26. Nxd2 Rd8 27. Ne4 Be5 28. c5
bxc5 29. Ba6 c4 30. Rhe1 Bd4 31. Re2 Rb8 32. Nd6 Rb6 33. Nb5 Nf5 34. Nc7 Bd7 35.
Bxc4 Rc6 36. Rec2 Kg7 37. Bb3 Rb6 38. Nd5 Rd6 39. Nc3 Be3 40. Ne4 Rb6 41. Re1
Bf4 42. Nc5 Bc6 43. Nd3 Bd6 44. Ne5 Nd4 45. Rxc6 Nxc6 46. Nxf7 Bf4 47. Re4 g5
48. h4 Rxb3 49. Nxg5 Rd3 50. Ne6+ Kf6 51. a3 Be5 52. Ng5 h6 53. Rc4 Na5 54. Ne4+
Kf5 55. Ra4 Rxf3 56. Rxa5 Kxe4 57. Rxa7 Rb3 58. Ra4+ Kf3 59. Ra5 Bxb2+ 60. Ka2
Rxa3+ 0-1

[Event "I Miedzynarodowy Memorial Ireny Warakomskiej - Open A"]
[Site "Suwalki"]
[Date "2017-08-18"]
[Round "9.37"]
[White "Chinguun, Sumiya "]
[Black "Jakubiec, Edyta"]
[Result "0-1"]
[WhiteTitle ""]
[BlackTitle ""]
[WhiteElo "2120"]
[BlackElo "2212"]

1. e4 e5 2. Nf3 Nc6 3. Bc4 Nf6 4. d3 Bc5 5. c3 O-O 6. Bb3 d5 7. Qe2 a5 8. Bg5 dxe4
9. dxe4 a4 10. Bc2 h6 11. Bh4 Qd6 12. Nbd2 b6 13. Nc4 Qe6 14. Bxf6 Qxf6 15. Ne3
Bxe3 16. Qxe3 Be6 17. O-O Ne7 18. Bd3 Ng6 19. g3 Rfd8 20. Be2 Nf4 21. Rfd1 Nxe2+
22. Qxe2 Rxd1+ 23. Qxd1 Bg4 24. Kg2 Rd8 25. Qe2 Rd2 26. Qe3 Rxb2 27. Nd2 Rxd2
28. h3 Re2 29. hxg4 Rxe3 30. fxe3 Qc6 31. Kf3 Qxc3 32. Rd1 Qc2 33. Rd7 Qb1 34.
Rd2 Qh1+ 35. Rg2 c5 36. a3 b5 37. g5 hxg5 38. Kg4 Qxg2 39. Kh5 Qh3+ 40. Kxg5 Qh6+
0-1

[Event "I Miedzynarodowy Memorial Ireny Warakomskiej - Open A"]
[Site "Suwalki"]
[Date "2017-08-18"]
[Round "9.38"]
[White "Krzywda, Andrzej "]
[Black "Stachanczyk, Jacek "]
[Result "1/2-1/2"]
[WhiteTitle ""]
[BlackTitle ""]
[WhiteElo "2173"]
[BlackElo "2209"]

1. e4 c5 2. Nf3 d6 3. d4 cxd4 4. Nxd4 Nf6 5. Nc3 Nc6 6. Bg5 e6 7. Qd2 a6 8. O-O-O
Bd7 9. f4 b5 10. Bxf6 gxf6 11. Kb1 Qb6 12. Nxc6 Bxc6 13. Bd3 h5 14. Qe1 Be7 1/2-1/2

[Event "I Miedzynarodowy Memorial Ireny Warakomskiej - Open A"]
[Site "Suwalki"]
[Date "2017-08-18"]
[Round "9.40"]
[White "Zgadzaj, Rafal "]
[Black "Paprocki, Jaroslaw "]
[Result "0-1"]
[WhiteTitle ""]
[BlackTitle ""]
[WhiteElo "2147"]
[BlackElo "2183"]

1. Nf3 Nf6 2. c4 e6 3. d4 Bb4+ 4. Bd2 Be7 5. g3 b6 6. Nc3 d5 7. Bg2 c6 8. O-O Ba6
9. cxd5 exd5 10. Ne5 O-O 11. Qa4 b5 12. Qd1 Nfd7 13. Nxd5 cxd5 14. Nxf7 Rxf7 15.
Bxd5 Nb6 16. Bxf7+ Kxf7 17. e4 Kg8 18. d5 Bc5 19. Rc1 N8d7 20. Kg2 b4 21. Re1
Qf6 22. Be3 Bxe3 23. Rxe3 Qxb2 24. Rc7 Rf8 25. Rf3 Be2 26. Rxf8+ Kxf8 27. Qc1
Qxc1 28. Rxc1 Bc4 29. Ra1 Na4 30. Kf3 a5 31. Ke3 Bxa2 32. Rxa2 b3 33. Ra3 b2 34.
Rb3 Nc3 35. Kd3 0-1

[Event "I Miedzynarodowy Memorial Ireny Warakomskiej - Open A"]
[Site "Suwalki"]
[Date "2017-08-18"]
[Round "9.41"]
[White "Chojnowski, Marcin "]
[Black "Ocytko, Andrzej"]
[Result "0-1"]
[WhiteTitle ""]
[BlackTitle ""]
[WhiteElo "2070"]
[BlackElo "2127"]

1. d4 Nf6 2. Nf3 e6 3. c4 d5 4. g3 Bb4+ 5. Bd2 Be7 6. Bg2 O-O 7. O-O c6 8. Qc2
Nbd7 9. b3 Ne4 10. Nc3 Nxd2 11. Nxd2 f5 12. e3 Nf6 13. f3 Bd7 14. e4 c5 15. e5
Ne8 16. cxd5 cxd4 17. Ne2 Bb5 18. Nc4 Qxd5 19. Nf4 Qd7 20. Rfd1 Rc8 21. Kh1 Bxc4
22. bxc4 Bc5 23. Nd3 b6 24. f4 Nc7 25. a4 a5 26. Rab1 Na6 27. Nxc5 bxc5 28. Bb7
Nb4 29. Bxc8 Rxc8 30. Qb3 d3 31. Rd2 Rd8 32. Qd1 Qc6+ 33. Kg1 Rd4 34. Rxb4 cxb4
35. Rxd3 Rxd3 36. Qxd3 Qb6+ 37. Kf1 b3 38. Qd7 h6 39. c5 Qa6+ 40. Kf2 b2 41. Qe8+
Kh7 42. Qb8 Qc4 43. Qxb2 Qxc5+ 44. Kg2 Qc6+ 45. Kh3 Qxa4 46. Qb6 Qa2 47. g4 Qe2
48. gxf5 Qf3+ 49. Kh4 exf5 50. Qg1 Qxf4+ 51. Kh3 Qf3+ 52. Kh4 g5+ 0-1